| 000 | 01272cam a22002895i 4500 | ||
|---|---|---|---|
| 999 |
_c12669 _d12669 |
||
| 003 | OSt | ||
| 005 | 20240713094554.0 | ||
| 008 | 230515s2023 sz ab b 000 0 eng d | ||
| 020 |
_a9783035622973 _qpaperback |
||
| 042 | _alccopycat | ||
| 084 |
_a720 _2sdnb |
||
| 084 |
_a361.78 _2njb/10 |
||
| 245 | 0 | 0 |
_aExtended urbanisation : _btracing planetary struggles / _cedited by Christian Schmid and Milica Topalovicʹ ; with contributions by Nitin Bathía [and 8 others]. |
| 300 |
_a405 pages : _billustrations (chiefly colour), maps ; _c24 cm |
||
| 500 | _a"This research was conducted at the Department of Architecture ETH Zurich and by the Future Cities Laboratory ETH Centre" -- Copyright page. | ||
| 504 | _aIncludes bibliographical references. | ||
| 650 | 0 |
_aUrbanization _xEnvironmental aspects. |
|
| 650 | 0 |
_aCities and towns _xGrowth _xEnvironmental aspects. |
|
| 650 | 6 |
_aUrbanisation _xAspect de l'environnement. |
|
| 650 | 6 |
_aVilles _xCroissance _xAspect de l'environnement. |
|
| 650 | 7 |
_aCities and towns _xGrowth _xEnvironmental aspects _2fast |
|
| 650 | 7 |
_aUrbanization _xEnvironmental aspects _2fast |
|
| 700 | 1 |
_aSchmid, Christian, _eeditor. |
|
| 700 | 1 |
_aTopalović, Milica _c(Architect), _eeditor. |
|
| 700 | 1 |
_aBathía, Nitin, _econtributor. |
|
| 942 | _2ddc | ||